000 00669nam a2200229 a 4500
001 BRCA_5277
005 20190320205019.0
008 011210s1973----it-a######---#000-0#ita-#
041 _aita
044 _ait
050 4 _aTS542
_b.J34 1973
100 1 _aJagger, Cedric
_913519
245 1 0 _aOrologi
_brari e preziosi
_cCedric Jagger.
260 _aItalia
_bIstituto Geografico de Agostini
_c1973
300 _a64 p.
_bil. (algunas a color)
_c31 cm.
440 0 _aConoscere ´ antiquariato
_v5
_913520
500 _aN.5 marzo, 1973
500 _aDonación Dr. Héctor Rivero Borrell Vázquez
650 1 4 _aRelojes
_xHistoria
_913521
902 _aDHR
942 _2lcc
_cB
999 _c4971
_d4971